Регионална библиотека "Любен Каравелов" - Русе

Кама (Запис номер 422410)

MARC детайли
000 -Лидер
Контролно поле с фиксирана дължина nam a22 a 4500
003 - Код на организацията, давaща контролен номер
Контролно поле BLK
005 - Дата и час на последна редакция
Контролно поле 20210701001417.0
008 - Елементи от данни с фиксирана дължина
fixed length control field 210701b bu |||||||||| 00| | bu d
040 ## - Източник на каталожния запис
Идентификатор на билиотеката - собственик на записа BLK
041 ## - Код за език
Код за езика на текст/звукозапис или на отделно заглавие Български
Код за езика КДБФ Български
080 ## - УДК
Текстов определител УДК Руска литература
УДК код - определител по УДК 821.161.1
УДК определител -32
УДК - код + определител 821.161.1-32
100 ## - Редна дума - Автор
R(LIN) 1299
Автор Гулиа, Георгий Дмитриевич
Авторска отговорност първи автор
139 ## - Редно поле
Редна дума Гулиа, Георгий Дмитриевич
Авторски знак Гул - Г 92
245 ## - Сведения за заглавието
Заглавие Кама
Подзаглавни данни Повест
Редно поле (дума) Георгий Дмитриевич Гулиа ; Прев. от рус. Никола Толчев
260 ## - Област на издателските данни
9 (RLIN) 209547
Място на издаване, разпространение и проч. София
Име на издателя, разпространителя и проч. Нар. култура
Година на издаване 1954
Издателство - префикс ISBN 954-04-
300 ## - Физическа характеристика
Страници 168 с.
Илюстрации и др. 1 портр.
Размери/Мащаб 18 см
380 ## - Жанр
Жанр Худож. лит.
700 ## - Други автори (авторска отговорност)
9 (RLIN) 1121
Лично име Толчев, Никола
Автороска отговорност (Описва отношението между автора и произведението) прев. от рус.
852 ## - Местоположение
Форматна сигнатура Цб 8.175.42588
Фондова буква Основен фонд - ползва се само за читалня
999 ## - СИСТЕМНИ КОНТРОЛНИ НОМЕРА
Koha biblionumber 422410
Koha biblioitemnumber 422410
942 ## - АРТИКУЛИ
Вид на библиотечния материал Книги
Скрит в OPAC Не
Периодичен библиозапис Да
944 ## - СЪЗДАВАНЕ И РЕДАКЦИЯ на ЗАПИСА
Създаване/Редакция Създаване
Дата на регистрацията/редакция 2021-07-01
Служител, извършил регистрацията/редакцията ВП
Наличности
Код за отписване Код за изгубен артикул Източник на класификационната схема Код за повреда Коз за рестрикции Код за отдаване Артикулен № Име на библиотеката - собственик Име на библиотеката, в която се намира в момента Статус (Текущо местоположение) Дата на вписване в системата Местоположение - отдел Цена в лева Инвентарен номер Систематично азбучна сигнатура Баркод Цена в евро Служебен тип на артикула
  Не е изгубен Universal Decimal Classification Не е повреден само за читалня ползва се в читалня 841649 Регионална библиотека "Любен Каравелов" Русе Регионална библиотека "Любен Каравелов" Русе Хранилище 2021-07-07 Основен фонд - ползва се само за читалня 0.55 6063/54 Цб 8.175.42588 900000068174 0.28 Книги
Vip Innovations Ltd, Rousse, Bulgaria 2025